| 000 | 00644nam a2200193 a 4500 | ||
|---|---|---|---|
| 001 | 000030886 | ||
| 005 | 20200930062553.0 | ||
| 008 | 110603s1930 dr 001 0 spa d | ||
| 040 |
_aDO-SdBNP _bspa _cBNPHU |
||
| 082 |
_a582.16097293 _bS333r |
||
| 100 | 1 |
_aSchiffino, José _922056 |
|
| 245 | 1 | 0 |
_aRiqueza forestal dominicana. / _cJosé Schiffino. |
| 260 |
_aCiudad Trujillo, República Dominicana : _bListín Diarío, _c1930? |
||
| 300 |
_a64 p. : _bil. ; _c20 cm. |
||
| 650 | 4 |
_aÁrboles _zRepública Dominicana _921551 |
|
| 650 | 4 |
_aFlora forestal _zRepública Dominicana _922057 |
|
| 910 | _aValidado. Control de calidad MFF | ||
| 049 | _aBNPD | ||
| 999 |
_c30378 _d30378 |
||